Statistics for Guess the Kendrick Lamar song by lyrics

Click here to take the quiz!

General Stats

  • This quiz has been taken 99 times
  • The average score is 10 of 15

Answer Stats

LyricsSong% Correct
I'm so, so sick and tired of the Photoshop
Show me somethin' natural like afro on Richard Pryor
HUMBLE
83%
What you want you, a house? You, a car?
40 acres and a mule? A piano, a guitar?
Anything, see my name is Lucy, I'm your dog
Motherf---er, you can live at the mall
Alright
80%
Seen a light-skinned n---- with his brains blown out
At the same burger stand where-, hang out
Now this is not a tape recording saying that he did it
But ever since that day, I was lookin' at him different
mAAd city
76%
I was in the dark room, loud tunes, lookin' to make a vow soon
That I'ma get f----- up, fillin' up my cup, I see the crowd mood
Swimming Pools
75%
That Louis Burgers never be the same (won't be the same)
A Louis belt will never ease that pain (won't ease that pain)
But I'ma purchase when that day is jerkin' (that day is jerkin')
Pull off at Church's with Pirellis skirtin' (Pirellis skirtin')
Money Trees
74%
At first I did love you (love you)
But now I just wanna f--- (I just wanna f---)
Wesley's Theory
74%
I was gonna kill a couple rappers but they did it to themselves
Everybody's suicidal they don't even need my help
This s--- is elementary, I'll probably go to jail
King Kunta
71%
Caught a murder case, fingerprints on the gun they assumin'
But witnesses couldn't prove it
That was back when he turned his back and they killed his cousin
He beat the case and went back to hustlin'
DUCKWORTH
70%
If I gotta check a fake one, I'ma make it look sexy
If I gotta go hard on a b----, I'ma make it look sexy
ELEMENT
63%
Yeah, that's him again, the sound that engine in is like a bird
You see fireworks and Corvette tire skrrt the boulevard
DNA
61%
Look inside of my soul and you can find gold and maybe get rich
Look inside of your soul and you can find out it never exist
Bitch Don't Kill My Vibe
56%
I woke up this morning and figured I'd call you
In case I'm not here tomorrow, I'm hoping that I can borrow
Sing About Me I'm Dying of Thirst
51%
I recognize your fragrance (hol' up)
You ain't never gotta say s--- (woo)
And I know your taste is
A little bit (mmm) high maintenance (ooh)
Poetic Justice
50%
I said they treat me like a slave, cah' me black
Woi, we feel a whole heap of pain, cah' we black
And man a say they put me inna chains, cah' we black
The Blacker The Berry
49%
I been A-1 since day one, you n----s boo boo
Your home boy, your block that you're from, boo boo
Lil hoes you went to school with, boo boo
Baby mama and your new b----, boo boo
Hood Politics
46%

Score Distribution

Percentile by Number Answered

Percent of People with Each Score

Your Score History

You have not taken this quiz